[Event "BCF-chT3S 1415 (4NCL)"]
[Site "England"]
[Date "2014.11.15"]
[Round "1.247"]
[White "Karia, Devin"]
[Black "Duncanson, Henry G"]
[Result "0-1"]
[WhiteElo "1267"]
[BlackElo "2088"]
[PlyCount "132"]
[EventDate "2014.11.15"]
[EventType "team-swiss"]
[EventRounds "6"]
[EventCountry "ENG"]
[SourceTitle "CBM 163 Extra"]
[Source "ChessBase"]
[SourceDate "2014.12.23"]
[SourceVersion "1"]
[SourceVersionDate "2014.12.23"]
[SourceQuality "1"]
[WhiteTeam "Barnet Knights III"]
[BlackTeam "Broadland Bitterns"]
[WhiteTeamCountry "ENG"]
[BlackTeamCountry "ENG"]

1. Nf3 Nf6 2. g3 g6 3. Bg2 Bg7 4. 0-0 0-0 5. c4 c5 6. Nc3 Nc6 7. d3 e6 8. Bg5 h6 9. Be3 d6 10. Qc1 Kh7 11. Rb1 Rb8 12. a3 Ng4 13. b4 Nxe3 14. fxe3 cxb4 15. axb4 Qb6 16. b5 Ne7 17. d4 e5 18. c5 dxc5 19. dxe5 Qc7 20. Ne4 Bf5 21. Nd4 Qxe5 22. Nxf5 Nxf5 23. Qxc5 Qxc5 24. Nxc5 Rbc8 25. Nxb7 Nxe3 26. Rf4 Nxg2 27. Kxg2 Rc7 28. Na5 Re8 29. Kf1 Rce7 30. Nc6 Rxe2 31. Rxf7 Rxh2 32. Kg1 Ra2 33. Nxa7 Kg8 34. Rxg7+ Kxg7 35. b6 Ree2 36. b7 Rg2+ 37. Kh1 Rh2+ 38. Kg1 Rag2+ 39. Kf1 Rh1+ 40. Kxg2 Rxb1 41. b8Q Rxb8 42. Nc6 Rb2+ 43. Kh3 h5 44. Kh4 Kh6 45. Kh3 g5 46. g4 Rb3+ 47. Kg2 hxg4 48. Nd4 Ra3 49. Nf5+ Kg6 50. Ne7+ Kf6 51. Nd5+ Ke5 52. Nb6 Rb3 53. Nc4+ Kf4 54. Kf1 Rc3 55. Nd6 Kf3 56. Ke1 g3 57. Nb5 Re3+ 58. Kd1 g2 59. Nd4+ Kf2 60. Nf5 g1Q+ 61. Kc2 Re2+ 62. Kc3 Qc1+ 63. Kd4 Qd1+ 64. Kc5 Rc2+ 65. Kb4 Qb1+ 66. Ka5 Ra2# 0-1

[Event "BCF-ch Major 92nd"]
[Site "Douglas"]
[Date "2005.08.06"]
[Round "6"]
[White "Duncanson, Henry G"]
[Black "Tucker, Andrew"]
[Result "1-0"]
[WhiteElo "2141"]
[BlackElo "1943"]
[PlyCount "145"]
[EventDate "2005.08.01"]
[EventType "swiss"]
[EventRounds "11"]
[EventCountry "ENG"]
[SourceTitle "EXT 2006"]
[Source "ChessBase"]
[SourceDate "2005.11.24"]
[SourceVersion "1"]
[SourceVersionDate "2005.11.24"]
[SourceQuality "1"]

1. e4 c5 2. Nf3 Nc6 3. d4 cxd4 4. Nxd4 Nf6 5. Nc3 e6 6. a3 d5 7. Bg5 dxe4 8. Nxc6 Qxd1+ 9. Rxd1 bxc6 10. Nxe4 Be7 11. Nd6+ Kf8 12. Bc4 h6 13. Bh4 Nd5 14. Bxe7+ Kxe7 15. Nxc8+ Raxc8 16. 0-0 Rhd8 17. g3 Rb8 18. b4 Nc3 19. Rd3 Rxd3 20. Bxd3 Rd8 21. f4 Rd4 22. Kf2 c5 23. bxc5 Kd7 24. Ke3 Ra4 25. Rb1 Nd5+ 26. Kd2 Rxa3 27. Rb7+ Nc7 28. Be4 a5 29. Ra7 Ra1 30. c4 Ra3 31. g4 Rh3 32. c6+ Kd8 33. Rxa5 Rxh2+ 34. Ke3 Rh3+ 35. Kd4 Rh2 36. Ra3 Rd2+ 37. Kc5 Ke7 38. Ra7 Kd8 39. Rb7 Kc8 40. Rb3 Rd1 41. Rd3 Rxd3 42. Bxd3 Kd8 43. Kb6 Ne8 44. c5 Nc7 45. Bc4 Na8+ 46. Kb7 Nc7 47. f5 exf5 48. gxf5 f6 49. Bf7 Nb5 50. Kb6 Nc7 51. Ka5 Ke7 52. Kb6 Kd8 53. Kb7 Nb5 54. c7+ Nxc7 55. Kc6 Na8 56. Kd6 Nc7 57. Bh5 Nb5+ 58. Kd5 Nc7+ 59. Kc6 Na8 60. Bg6 Nc7 61. Kd6 Nb5+ 62. Ke6 Nd4+ 63. Kd5 Nb5 64. Kc6 Nc7 65. Bh5 Na8 66. Be2 Nc7 67. Kd6 Ne8+ 68. Ke6 Nc7+ 69. Kf7 Nd5 70. Kxg7 Kc7 71. Bf3 Ne3 72. Kxf6 h5 73. Kg5 1-0

[Event "Jersey op"]
[Site "St Helier"]
[Date "2005.02.19"]
[Round "7"]
[White "Clark, Ian C"]
[Black "Duncanson, Henry G"]
[Result "0-1"]
[WhiteElo "2107"]
[BlackElo "2110"]
[PlyCount "102"]
[EventDate "2005.02.13"]
[EventType "swiss"]
[EventRounds "7"]
[EventCountry "JCI"]
[SourceTitle "CBM 104 Extra"]
[Source "ChessBase"]
[SourceDate "2005.03.01"]
[SourceVersion "1"]
[SourceVersionDate "2005.03.01"]
[SourceQuality "1"]

1. e4 e6 2. d4 d5 3. exd5 exd5 4. Bd3 Bd6 5. Nf3 Nf6 6. 0-0 0-0 7. Re1 Bg4 8. Bg5 Nbd7 9. Nbd2 c6 10. Nf1 Qc7 11. h3 Bh5 12. Bh4 Rae8 13. Rxe8 Rxe8 14. Ng3 Bxg3 15. Bxg3 Qb6 16. Bf4 Ne4 17. g4 Bg6 18. Rb1 f5 19. c4 fxg4 20. hxg4 Rf8 21. Be3 Qd8 22. cxd5 cxd5 23. Kg2 Qf6 24. Rc1 h5 25. g5 Qe6 26. Nh4 Bf7 27. Be2 g6 28. Qd3 Nb6 29. b3 Be8 30. a4 Bd7 31. Rh1 Kg7 32. Rh2 Nc8 33. f3 Ned6 34. Bd2 Ne7 35. Bb4 Re8 36. Bd1 Nef5 37. Kf2 Nxh4 38. Rxh4 Nf5 39. Rh1 Qb6 40. Bc5 Qc7 41. Rh3 Qf4 42. Bb4 Qxg5 43. Bd2 Qf6 44. Bc2 Qxd4+ 45. Qxd4+ Nxd4 46. Bc3 Bxh3 47. Bxd4+ Kf7 48. Bxa7 Rc8 49. Bd1 Bf5 50. Ke3 h4 51. Kf4 h3 0-1

[Event "Gibraltar Masters"]
[Site "Caleta"]
[Date "2005.02.03"]
[Round "10"]
[White "Nezad, Husein Aziz"]
[Black "Duncanson, Henry G"]
[Result "1-0"]
[WhiteElo "2349"]
[BlackElo "2110"]
[PlyCount "65"]
[EventDate "2005.01.25"]
[EventType "swiss"]
[EventRounds "10"]
[EventCountry "GGB"]
[SourceTitle "CBM 104 Extra"]
[Source "ChessBase"]
[SourceDate "2005.03.01"]
[SourceVersion "1"]
[SourceVersionDate "2005.03.01"]
[SourceQuality "1"]

1. e4 e6 2. d4 d5 3. Nd2 Nf6 4. e5 Nfd7 5. Bd3 c5 6. c3 Nc6 7. Ne2 cxd4 8. cxd4 f6 9. exf6 Nxf6 10. Nf3 Be7 11. 0-0 0-0 12. Bg5 Bd7 13. Re1 Qe8 14. Rc1 Qf7 15. Bb5 Bd6 16. Bf4 Bxf4 17. Nxf4 Ne4 18. Bxc6 Bxc6 19. Nd3 Qf5 20. Rc2 Rf6 21. Nfe5 Bb5 22. f3 Ng5 23. Nf2 h5 24. Rc7 Ba6 25. h4 Nf7 26. Nh3 Nd6 27. Qa4 Nb5 28. Rd7 Rc8 29. Qb4 Rcf8 30. a4 Nc7 31. Qe7 Ne8 32. b4 Bc4 33. Rxb7 1-0

[Event "Gibraltar Masters"]
[Site "Caleta"]
[Date "2005.02.02"]
[Round "9"]
[White "Duncanson, Henry G"]
[Black "Tolhuizen, Ludo"]
[Result "1/2-1/2"]
[WhiteElo "2110"]
[BlackElo "2288"]
[PlyCount "37"]
[EventDate "2005.01.25"]
[EventType "swiss"]
[EventRounds "10"]
[EventCountry "GGB"]
[SourceTitle "CBM 104 Extra"]
[Source "ChessBase"]
[SourceDate "2005.03.01"]
[SourceVersion "1"]
[SourceVersionDate "2005.03.01"]
[SourceQuality "1"]

1. e4 d5 2. exd5 Qxd5 3. Nf3 Bg4 4. Be2 Nc6 5. 0-0 0-0-0 6. d3 e5 7. Nc3 Qd7 8. h3 Bxf3 9. Bxf3 Nd4 10. Re1 Bd6 11. Ne4 f5 12. Nxd6+ Qxd6 13. Be3 Nf6 14. Bxd4 Qxd4 15. Qd2 Kb8 16. Qg5 e4 17. dxe4 Nxe4 18. Bxe4 fxe4 19. Qe3 1/2-1/2

[Event "Gibraltar Masters"]
[Site "Caleta"]
[Date "2005.01.30"]
[Round "6"]
[White "Johannesson, Ingvar Thor"]
[Black "Duncanson, Henry G"]
[Result "1-0"]
[WhiteElo "2315"]
[BlackElo "2110"]
[PlyCount "33"]
[EventDate "2005.01.25"]
[EventType "swiss"]
[EventRounds "10"]
[EventCountry "GGB"]
[SourceTitle "CBM 104 Extra"]
[Source "ChessBase"]
[SourceDate "2005.03.01"]
[SourceVersion "1"]
[SourceVersionDate "2005.03.01"]
[SourceQuality "1"]

1. b3 f5 2. Bb2 e6 3. e4 Nf6 4. exf5 exf5 5. Qe2+ Kf7 6. Nf3 g6 7. Nc3 c6 8. 0-0-0 Na6 9. h4 Qe7 10. Ng5+ Kg7 11. Nce4 fxe4 12. Nxe4 Kf7 13. Bxf6 Qa3+ 14. Bb2 Qa5 15. Ng5+ Kg8 16. Qf3 Qf5 17. Qc3 1-0

[Event "Gibraltar Masters"]
[Site "Caleta"]
[Date "2005.01.25"]
[Round "1"]
[White "Duncanson, Henry G"]
[Black "De Andres Gonalons, Fernando"]
[Result "1-0"]
[WhiteElo "2110"]
[BlackElo "2115"]
[PlyCount "81"]
[EventDate "2005.01.25"]
[EventType "swiss"]
[EventRounds "10"]
[EventCountry "GGB"]
[SourceTitle "CBM 104 Extra"]
[Source "ChessBase"]
[SourceDate "2005.03.01"]
[SourceVersion "1"]
[SourceVersionDate "2005.03.01"]
[SourceQuality "1"]

1. e4 e6 2. d4 d5 3. Nd2 Nf6 4. e5 Nfd7 5. Bd3 c5 6. c3 Nc6 7. Ne2 Qb6 8. Nf3 cxd4 9. cxd4 f6 10. Nf4 fxe5 11. dxe5 Bb4+ 12. Kf1 Nf8 13. Be3 Bc5 14. Bxc5 Qxc5 15. g3 Bd7 16. Kg2 0-0-0 17. a3 Kb8 18. Qd2 h6 19. h4 Nd4 20. Qe3 Nb3 21. Qxc5 Nxc5 22. Nd4 Rg8 23. b4 Nxd3 24. Nxd3 b6 25. Rhc1 Rc8 26. Rxc8+ Kxc8 27. Rc1+ Kb7 28. b5 Ng6 29. f4 Ne7 30. g4 h5 31. f5 hxg4 32. fxe6 Be8 33. Rf1 Bg6 34. Nb4 Be8 35. Kg3 Ng6 36. Nxd5 Nxe5 37. a4 a6 38. e7 Bf7 39. Rf5 Bxd5 40. Rxe5 Bf7 41. Rf5 1-0